Potato-tuber moth : Preliminary account.

Bibliographic Details
Corporate Author: United States. Bureau of Entomology
Format: Government Document eBook
Language:English
Published: [Washington] : GPO, 1912.
Series:Entomology Bur. Circ. 2nd Series No. 162
Subjects:
Online Access:Connect to the full text of this electronic document

MARC

Tag First Indicator Second Indicator Subfields
LEADER 00000cam a22000001a 4500
001 in00003757421
005 20190408185357.0
006 m o d f
007 cr bn mmmapmmp
008 141211s1912 dcu o f000 0 eng d
035 |a ebd1910518464 
040 |a UMI  |c UMI  |d UtOrBLW 
086 0 |a A 9.5:162 
099 |a A9.5-162 
110 1 |a United States.  |b Bureau of Entomology.  |0 http://id.loc.gov/authorities/names/n82116615 
245 1 0 |a Potato-tuber moth :  |b Preliminary account. 
264 1 |a [Washington] :  |b GPO,  |c 1912. 
300 |a 1 online resource (ii+5 pages) 
336 |a text  |b txt  |2 rdacontent 
337 |a computer  |b c  |2 rdamedia 
338 |a online resource  |b cr  |2 rdacarrier 
490 0 |a Entomology Bur. Circ. 2nd Series No. 162 
533 |a Electronic reproduction.  |b [Bethesda, Md.] :  |c ProQuest,  |d 2014.  |e digital, PDF file.  |n ProQuest U.S. Executive Branch Documents  |n Mode of access: World Wide Web via ProQuest website. 
588 |a Record is based on online resource; title from PDF title page (ProQuest, last viewed Dec. 2014). Reuse except for individual research requires license from ProQuest, LLC. 
500 |a Electronic resource. 
650 0 |a Moths.  |0 http://id.loc.gov/authorities/subjects/sh85087552 
650 0 |a Pesticides.  |0 http://id.loc.gov/authorities/subjects/sh85100273 
650 0 |a Pests.  |0 http://id.loc.gov/authorities/subjects/sh85100293 
650 0 |a Vegetables.  |0 http://id.loc.gov/authorities/subjects/sh85142489 
655 7 |a Electronic books.  |2 local 
856 4 0 |u http://proxy.library.tamu.edu/login?url=http://congressional.proquest.com/congressional/docview/t66.d71.a9.5-162  |z Connect to the full text of this electronic document  |t 0 
999 f f |s c7ef102e-0ba7-3a2c-8596-e595a2803d52  |i 43bc0e03-1aac-3555-b838-dfc7b7f0a7d5  |t 0 
952 f f |a Texas A&M University  |b College Station  |c Electronic Resources  |d Available Online  |t 0  |h No information provided 
998 f f |t 0  |l Available Online